000
00230nam a2200097Ia 4500
008
120527s9999 xx 000 0 und d
100
_a
FIESER and WILLIAMSON
245
_a
Organic Experioments
260
_b
Mifflin Coy
942
_c
BK
999
_c
25574
_d
25574